Guess the 1970s song lyrics #222 - Statistics

General Stats
  • This quiz has been taken 14 times
  • The average score is 168 of 289
Answer Stats
Answer % Correct
a
100%
do
91%
I
91%
to
91%
you
91%
You
91%
And
82%
go
82%
in
82%
it
82%
It
82%
me
82%
on
82%
we
82%
When
82%
when
82%
by
73%
just
73%
know
73%
love
73%
my
73%
so
73%
that
73%
the
73%
The
73%
your
73%
But
64%
I'm
64%
it's
64%
like
64%
of
64%
this
64%
what'
64%
what
64%
can't
55%
for
55%
from
55%
glad
55%
good
55%
head
55%
out
55%
walk
55%
with
55%
You're
55%
you're
55%
always
45%
every
45%
eyes
45%
feel
45%
get
45%
gonna
45%
look
45%
makes
45%
way
45%
away
36%
baby
36%
down
36%
help
36%
met
36%
mind
36%
Ooh
36%
party
36%
really
36%
shouldn't
36%
side
36%
street
36%
these
36%
afraid
27%
Even
27%
feeling
27%
lay
27%
looking
27%
losing
27%
room
27%
suspicions
27%
Suspicions
27%
thinking
27%
though
27%
touch
27%
try
27%
turn
27%
gets
18%
hate
18%
man's
18%
myself
18%
somebody's
18%
steal
18%
worry
18%
crazy
9%
fight
9%
proud
9%
satisfied
9%
sometimes
9%
No matching quizzes found
Score Distribution
Percent of People with Each Score
Percentile by Number Answered
Your Score History
You have not taken this quiz